|
|
|
|
| LEADER |
00000nam2a2200000 4500 |
| 001 |
146590 |
| 005 |
20231101221234.0 |
| 035 |
|
|
|a (RuTPU)RU\TPU\book\158896
|
| 035 |
|
|
|a RU\TPU\book\158894
|
| 090 |
|
|
|a 146590
|
| 100 |
|
|
|a 20081030d1991 m y0rusy50 ca
|
| 101 |
0 |
|
|a rus
|
| 102 |
|
|
|a RU
|
| 105 |
|
|
|a a z 001zb
|
| 200 |
0 |
|
|a Т. 22, № 1
|
| 210 |
|
|
|d 1991
|
| 215 |
|
|
|a 116 с.
|c ил.
|
| 320 |
|
|
|a Библиография в конце статей
|
| 461 |
|
1 |
|0 (RuTPU)RU\TPU\book\218989
|t Ученые записки ЦАГИ
|f Центральный аэрогидродинамический институт
|v Т. 22, № 1
|d 1970-1991
|
| 600 |
|
1 |
|a Келдыш
|b М. В.
|c математик и механик
|f 1911-1978
|g Мстислав Всеволодович
|c академик АН СССР, Герой Социалистического Труда
|2 stltpush
|3 (RuTPU)RU\TPU\pers\6060
|
| 606 |
1 |
|
|a Аэрогазодинамика
|2 stltpush
|3 (RuTPU)RU\TPU\subj\29854
|9 53093
|
| 610 |
1 |
|
|a жидкость
|
| 610 |
1 |
|
|a газ
|
| 610 |
1 |
|
|a плазма
|
| 610 |
1 |
|
|a механика
|
| 610 |
1 |
|
|a тела
|
| 610 |
1 |
|
|a колебания
|
| 610 |
1 |
|
|a прочность
|
| 610 |
1 |
|
|a деформирование
|
| 610 |
1 |
|
|a конструкции
|
| 610 |
1 |
|
|a физические воздействия
|
| 610 |
1 |
|
|a полеты
|
| 610 |
1 |
|
|a научные работы
|
| 675 |
|
|
|a 533.6
|v 3
|
| 801 |
|
1 |
|a RU
|b 63413507
|c 20081030
|g PSBO
|
| 801 |
|
2 |
|a RU
|b 63413507
|c 20160719
|g PSBO
|
| 942 |
|
|
|c BK
|